Top 8 Lost World Films (IMDB) - Statistics

General Stats
  • This quiz has been taken 11 times
  • The average score is 3 of 9
Answer Stats
Film Year IMDB % Correct
King Kong 1933 7.9
80%
The Lost World 1925 7.0
80%
Atlantis: The Lost Empire 2001 6.9
40%
Journey to the Center of the Earth 1959 7.0
40%
Kong: Skull Island 2017 6.6
20%
Aquaman 2018 6.8
10%
Lost Horizon 1937 7.6
10%
Cocoon 1985 6.7
0%
Justice League: Throne of Atlantis 2015 6.6
0%
No matching quizzes found
Score Distribution
Percent of People with Each Score
Percentile by Number Answered
Your Score History
You have not taken this quiz